000
00245nam a2200097Ia 4500
001
640161
005
20250826153442.0
008
250824s9999 xx 000 0 und d
245
0
_a
26 Ametist Perisi Melis
_c
DAISY MEADOWS
260
_b
BEYAZ BALİNA
999
_c
640161
_d
640161